Statistiche per Primi 15 paesi interessati da Covid-19 - 26 maggio

Clicka qui per fare il quiz!

Statistiche generali

  • Questo quiz è stato fatto 4 volte
  • Il punteggio medio è 11 su 25

Statistiche sulle risposte

nazione% Corretto
Brasile
75%
Canada
75%
Cina
75%
Germania
75%
Italia
75%
Regno Unito
75%
Russia
75%
Spagna
75%
Stati Uniti
75%
Turchia
75%
Francia
50%
India
50%
Iran
50%
Irlanda
50%
Svezia
50%
Belgio
25%
Cile
25%
Cile
25%
Perù
25%
Svizzera
25%
Bahrain
0%
Bielorussia
0%
Kuwait
0%
Qatar
0%
Singapore
0%

Distribuzione punteggi

Percentile per numero di risposta

Percentuale di utenti per punteggio

I tuoi punteggi nel tempo

Non hai fatto questo quiz